Delay and disruption in construction contracts (Record no. 104791)
[ view plain ]
| 000 -LEADER | |
|---|---|
| fixed length control field | 01065cam a2200289 4500 |
| 001 - CONTROL NUMBER | |
| control field | ##L131604 |
| 008 - FIXED-LENGTH DATA ELEMENTS--GENERAL INFORMATION | |
| fixed length control field | 051118n2005 000 0 eng u |
| 020 ## - INTERNATIONAL STANDARD BOOK NUMBER | |
| International Standard Book Number | 1843114267 |
| 035 ## - SYSTEM CONTROL NUMBER | |
| System control number | (Sirsi) u131604 |
| 041 0# - LANGUAGE CODE | |
| Language code of text/sound track or separate title | eng |
| 050 04 - LIBRARY OF CONGRESS CALL NUMBER | |
| Classification number | 692.8 $2 18 |
| 100 1# - MAIN ENTRY--PERSONAL NAME | |
| Personal name | Pickavance, Keith |
| 245 00 - TITLE STATEMENT | |
| Title | Delay and disruption in construction contracts |
| 250 ## - EDITION STATEMENT | |
| Edition statement | 3rd ed. |
| 260 ## - PUBLICATION, DISTRIBUTION, ETC. | |
| Place of publication, distribution, etc. | London |
| Name of publisher, distributor, etc. | LLP |
| Date of publication, distribution, etc. | 2005 |
| 300 ## - PHYSICAL DESCRIPTION | |
| Extent | lvii, 936p. |
| Dimensions | 25cm. |
| 350 ## - PRICE (NR) (BK AM CF MU VM SE) [OBSOLETE] | |
| Price | 230 |
| 520 ## - SUMMARY, ETC. | |
| Summary, etc. | New edition updated to incorporate the recommendations of the Society of Construction Law Delay and Disruption Protocol (ISBN 0954383117). Now includes chapters on acceleration, time at large, global and total loss claims and the proof of causation. |
| 520 ## - SUMMARY, ETC. | |
| Summary, etc. | Superseeds second edition (ISBN 1859785085). |
| 590 ## - LOCAL NOTE (RLIN) | |
| Local note | IKA030106 |
| 650 24 - SUBJECT ADDED ENTRY--TOPICAL TERM | |
| Topical term or geographic name entry element | SOCIETY OF CONSTRUCTION LAW DELAY AND DISRUPTION PROTOCOL |
| 690 ## - LOCAL SUBJECT ADDED ENTRY--TOPICAL TERM (OCLC, RLIN) | |
| Topical term or geographic name as entry element | BUILT ENVIRONMENT-CONSTRUCTION MANAGEMENT-BUILDING CONTRACT ADMINISTRATION |
| 700 1# - ADDED ENTRY--PERSONAL NAME | |
| Personal name | Burr, Andrew |
| 700 1# - ADDED ENTRY--PERSONAL NAME | |
| Personal name | Axelson, Anders |
| 942 ## - ADDED ENTRY ELEMENTS (KOHA) | |
| Suppress in OPAC | 0 |
| Withdrawn status | Lost status | Source of classification or shelving scheme | Damaged status | Not for loan | Home library | Current library | Shelving location | Date acquired | Cost, normal purchase price | Total Checkouts | Full call number | Barcode | Date last seen | Date last checked out | Copy number | Cost, replacement price | Price effective from | Koha item type |
|---|---|---|---|---|---|---|---|---|---|---|---|---|---|---|---|---|---|---|
| Dewey Decimal Classification | London | London | Books | 23/12/2005 | 230.00 | 28 | 692.8 PIC | 30071477 | 06/08/2019 | 06/04/2010 | 1 | 230.00 | 06/08/2019 | Book |